| 000 | 00431nam a2200133 a 4500 | ||
|---|---|---|---|
| 008 | 120416s1976 xx |||||||||||||| || u | ||
| 050 | _aTS 227 Pat | ||
| 100 | _aPatton, W. J | ||
| 245 | 1 | 4 | _aThe science and practice of welding |
| 260 | _c1976 | ||
| 350 | _a0.00 | ||
| 650 | _aWELDING | ||
| 995 |
_D0.00 _FCBU-MAIN LIBRARY (Kitwe) _H1 _I9.70 _UDAMAGED _ZMain Library Open Access Collection |
||
| 999 |
_c57080 _d57080 |
||